|
|
|
|
| LEADER |
00820nam a22002537a 4500 |
| 001 |
AAL5687 |
| 003 |
BD-DhAAL |
| 005 |
20160113143811.0 |
| 008 |
160113s 1998us a|||| |||| 001 0 eng d |
| 020 |
|
|
|a 0697392996
|
| 040 |
|
|
|a BD-DhAAL
|c BD-DhAAL
|
| 082 |
|
|
|a 551
|
| 100 |
|
|
|a Sherman, Douglas B
|9 17343
|
| 245 |
|
|
|a Geology 98/99 /
|c Douglas B Sherman
|
| 250 |
|
|
|a 1st ed.
|
| 260 |
|
|
|a Guilford, Conn. :
|b Dushkin/McGraw-Hill,
|c ©1998.
|
| 300 |
|
|
|a x, 245 p. :
|b ill. ;
|c 28 cm.
|
| 500 |
|
|
|a Includes index.
|
| 541 |
|
|
|e 5687
|
| 650 |
|
|
|2 Geology
|v Periodicals.
|9 17344
|
| 650 |
|
|
|a Geology
|9 17345
|
| 942 |
|
|
|2 ddc
|c BK
|
| 999 |
|
|
|c 36599
|d 36599
|
| 952 |
|
|
|0 0
|1 0
|2 ddc
|4 0
|6 551_000000000000000_SHE
|7 0
|9 57585
|a SCL
|b SCL
|c GEN
|d 2016-01-13
|e Gift: The Asia Foundation
|l 0
|o 551 SHE
|p 3020005687
|r 2016-01-13
|t 1
|w 2016-01-13
|y BK
|